Most Republican and Democrat US States in the 2016 Election - Statistics

General Stats
  • This quiz has been taken 312 times
  • The average score is 8 of 10
Answer Stats
Answer % Correct
Democrat (Hillary Clinton) 61.73 California
95%
Democrat (Hillary Clinton) 59.01 New York
89%
Democrat (Hillary Clinton) 62.22% Hawaii
83%
Republican (Donald Trump) 67.4 Wyoming
82%
Republican (Donald Trump) 62.96 North Dakota
80%
Republican (Donald Trump) 65.32 Oklahoma
79%
Democrat (Hillary Clinton) 60.01 Massachusetts
78%
Democrat (Hillary Clinton) 60.33 Maryland
68%
Republican (Donald Trump) 68.5% West Virginia
67%
Republican (Donald Trump) 62.52 Kentucky
63%
No matching quizzes found
Score Distribution
Percent of People with Each Score
Percentile by Number Answered
Your Score History
You have not taken this quiz